Országos szövetkezeti találkozó Ópusztaszeren nagygyűlés, szórakozás /
Elmentve itt :
| Szerző: | |
|---|---|
| Dokumentumtípus: | Cikk |
| Megjelent: |
1986-05-19
|
| Sorozat: | Délmagyarország
76 No. 116 |
| Kulcsszavak: | Ópusztaszer, Gazdaság szövetkezet Ópusztaszer, Országos Szövetkezeti Találkozó |
| Online Access: | http://dmarchiv.bibl.u-szeged.hu/84935 |
| LEADER | 00585nab a2200157 i 4500 | ||
|---|---|---|---|
| 001 | delm84935 | ||
| 005 | 20190917114035.0 | ||
| 008 | 190917s1986 hu o 0|| hun d | ||
| 040 | |a SZTE Délmagyarország Archívum |b hun | ||
| 041 | |a hun | ||
| 100 | 2 | |a Tóth Szeles István | |
| 245 | 1 | 0 | |a Országos szövetkezeti találkozó Ópusztaszeren |h [elektronikus dokumentum] : |b nagygyűlés, szórakozás / |c Tóth Szeles István |
| 260 | |c 1986-05-19 | ||
| 300 | |a 3 | ||
| 490 | 0 | |a Délmagyarország |v 76 No. 116 | |
| 695 | |a Ópusztaszer, Gazdaság szövetkezet Ópusztaszer, Országos Szövetkezeti Találkozó | ||